000 00315nam a22001217a 4500
040 _cNust
082 _a297
_bSAS
100 _aMaulana Ashraf Ali Thanvi
_9114492
245 _aشریعت و طریقت
260 _aLahore:
_bIdara Islamiat,
_c1981.
650 _aشریعت و طریقت
_9126056
942 _2ddc
_cBK
999 _c612533
_d612533